00506nam a22001697a 4500003000400000008004100004082001800045100001900063245014000082260003800222300000900260502001700269650001700286650001100303650001100314650001100325OSt260422b |||||||| |||| 00| 0 eng d a634.421bR18E aRanjan, Priya. aEffect of Pre and Post-Harvest Application of Various Chemicals on Shelf Life of Guava Fruit (Psidium guajava L.) var. Allahabad Safeda aSabour, BhagalpurbBAC, RAUc2005 a68p. bM. Sc.d2005 aHorticulture aGuavas aThesis aM. Sc.